| 000 | 01023naa a2200277 c 4500 | ||
|---|---|---|---|
| 001 | 39253 | ||
| 003 | ES-MaCES | ||
| 005 | 20090925105300.0 | ||
| 008 | 090925n2009 sp t 000 | spa d | ||
| 035 | _aCES20090006961v | ||
| 040 |
_aES-MaCES _bspa _cES-MaCES |
||
| 100 | 1 |
_aToscani Giménez, Daniel _925101 |
|
| 245 | 1 | 0 |
_aGarantías del trabajador frente al despido arbitrario, discrecional o provocado por el propio empresario _cDaniel Toscani Giménez |
| 650 | 4 |
_aEspaña _926964 |
|
| 650 | 4 |
_aresponsabilidad del empleador _930146 |
|
| 650 | 4 |
_aindemnización _930642 |
|
| 650 | 4 |
_aprocedimiento laboral _930887 |
|
| 650 | 4 |
_aterminación de la relación de trabajo _929986 |
|
| 650 | 4 |
_adespido _928352 |
|
| 650 | 4 |
_atrabajo _928289 |
|
| 653 | 1 | 0 | _aRelaciones laborales-Empleo |
| 773 | 0 |
_tRevista de derecho social _gn. 46 (abr.-jun. 2009){10693 R. 074795}; p. 97-119 _w(ES-MaCES)25695 _968748 |
|
| 902 | _aART Artículo de revista | ||
| 942 |
_2CES _cAR _h2.0. |
||
| 999 |
_c39253 _d39253 |
||